00421cam a22001337a 4500008004000000082001600040100001600056245004000072260003000112300001000142650002900152999001900181952008700200180718b1972 xxu||||| |||| 00| 0 eng d aP45x54 Si64 aSingh, R.P. aIndian public schoolcby R.P. Singh aNew DelhibSterlingc1972 a140p. aSchools, Private - India c353379d353379 00104070aIIPAbIIPAd1993-12-02oP45x54 Si64p47446r2018-07-21w2018-07-21yBK